000 00583nam a2200181 i 4500
001 104332
003 ES-MaACL
005 20250806062540.0
007 t|
008 051128s1971 sp ||||1| spa d
100 1 _aMillares Carlo, Agustín,
_d1893-1980
_981176
245 1 0 _aContribuciones documentales a la historia de Madrid /
_cAgustín Millares Carlo.
260 _aMadrid :
_bInstituto de Estudios Madrileños,
_c1971.
300 _a249 p. ;
_c25 cm.
710 2 _aInstituto de Estudios Madrileños
_94916
852 _aES-MaACL
_jC-37608
_bR.79668
999 _c104332
_d104332